| 000 | 00803nam a22002057a 4500 | ||
|---|---|---|---|
| 999 |
_c2738 _d2738 |
||
| 003 | AR-CdUCM | ||
| 008 | 190305b ||||| |||| 00| 0 spa d | ||
| 040 |
_aMUNICIPALIDAD PROVINCIAL DEL CUSCO _cBIBLIOTECA MUNICIPAL DEL CUSCO |
||
| 082 |
_a335.8 / _bSA172 |
||
| 100 |
_aSalmón Ballivián, José _99572 |
||
| 245 |
_aIdeario Aymara : _bMosaico de recuerdos / |
||
| 260 |
_aBolivia : _bCasa municipal de la cultura Franz Tamayo, _c1981. |
||
| 300 |
_a292 paginas ; _bIlustraciones, _c21 cm. |
||
| 505 | _aUn día entre los indios -- Los efectos de la coca -- El turismo fuente de riqueza -- Mirando la naturaleza -- Mi primer encuentro con los alumnos .. | ||
| 650 |
_aCultura aymara _99573 |
||
| 650 |
_aIndígenas _93232 |
||
| 650 |
_aCultura Boliviana _94833 |
||
| 942 |
_2ddc _cLIBROS |
||
| 945 | _awnts | ||